02450Cam#a22006855a#4500003000900000005001700009008004100026020002300067040001800090041000800108080001100116092001600127100003300143245010400176260003900280300003200319505001100351505002500362505004100387505003700428505004800465505004100513505003200554505002700586505002500613505002900638505002500667505002600692505004500718505002800763505003000791505004800821505005200869505002800921505004400949505004500993505004401038505002401082505004401106505002801150505003801178505002201216505002601238505001701264505002301281600003601304650003101340650001501371650001601386650001001402700003601412908000801448930000901456942001301465945002001478980004701498999001701545952010101562952010101663AR-RoUNA20250917120637.0110405s2010||||gw|||||| |||| 0|spa d a978--3-8228-4887-6 aAR-RoUNAbspa aeng a72.036 sColc72.0361 aCobbers, Arnt.d1966-92117610aMarcel Breuer 1902-1981.bForm giver of the twentieth century /cArnt Cobbers; editor Peter Gossel. aKoln (Alemania) :bTaschen,c2007. a96cm :bil. col.c23x18 cm.0 tINDICE0 aIntroducción. p. 60 aMuebles de la carpintería. p. 18 0 aMuebles de acero tubular. p. 20 0 aDiseño de interiores para Piscator. p. 240 aCasa del joven Maestro Bambos. p. 260 a Casa Harnischmacher. p. 270 aCasa Doldertal. p. 30 0 aMueble Isokon. p. 320 aPabellón Gane's. p. 340 aCasa Breuer I. p. 420 aCasa Breuer II. p. 460 aCasa de Investigación del MoMA. p. 50 0 aCabaña César. p. 520 aSede de la UNESCO. p. 54 0 aAbadía y Universidad de San Juan. p. 58 0 aEdificio de la Universidad de Nueva York. p. 640 aCasa Hooper II. p. 66 0 aCentro de Investigación de IBM. p. 700 aIglesia de San Francisco de Sales. p. 720 a Estación de esquí de Flaine. p. 740 aCasa Hoerfer. p. 780 aMuseo Whitney de Arte Americano. p. 80 0 aCasa Geller II. p. 84 0 aMuseo de Arte de Cleveland. p. 860 aCasa Saier. p. 880 aLista de obras. p. 900 aMapas. p. 940 aBiografía. p. 9610aBreuer, Marceld1902-1981953594 aArquitectura contemporanea4 aBiografias4 aArquitectos4 aObras aGossel, Peterd1956-eedt91233 aImp e8574 cLIB2udc aMTCd2025-09-08 83gGermán Grimolizzi65aMaría Machado c12099d12099 00102udc4070aAR-RoUNAbAR-RoUNAcCold2025-09-08eDonl0o72.036 B846cp18357tej. 1yLIBx 00102udc4070aAR-RoUNAbAR-RoUNAcCold2025-09-08eDonl0o72.036 B846cp13251tej. 1yLIBx